=LDR 00000nam 2200000 4500 =001 INLIS000000000013691 =005 20130612105037 =008 ***********************************Ind** =035 ##$$0010-061300000013691 =041 ##$$a Ind =082 ##$$a 92 (Salim Agus) =090 ##$$a 92 (Salim Agus), Ser s =245 ##$$a Seratus tahun haji Agus Salim, Di susun oleh panitia buku peringatan seratus tahun haji Agus Salim =260 ##$$a 1996 $b Jakarta =300 ##$$a 484 hlm, Ilus, 20,5 cm =650 ##$$a Salim, Agus Haji (1884-1954) =850 ##$$a NBPNMAT